| 000 | 00539nam a2200181Ia 4500 | ||
|---|---|---|---|
| 003 | GCL | ||
| 005 | 20240530100159.0 | ||
| 008 | 140319s9999 xx 000 0 eng d | ||
| 040 |
_aGCL / _cGCL |
||
| 082 | 0 | 4 |
_aP _b050 _bK K |
| 100 | 1 | _aTHE INSTITUTE OF KOREAN STUDIES | |
| 245 | 1 | 0 |
_aKOREA OBSERVER : A QUARTERLY JOURNAL / _cTHE INSTITUTE OF KOREAN STUDIES |
| 260 |
_aكوريا الجنوبية : _bTHE INSTITUTE OF KOREAN STUDIES ، _c1997 |
||
| 300 | _a332 P | ||
| 650 | 0 | 4 | _aKOREA |
| 650 | 0 | 4 | _aKOREA - HISTORY |
| 942 |
_2ddc _cBK |
||
| 999 |
_c14898 _d14898 |
||